The frugal marketer : (Record no. 344374)

000 -LEADER
fixed length control field 00724 a2200205 4500
020 ## - INTERNATIONAL STANDARD BOOK NUMBER
International Standard Book Number 0814477143
020 ## - INTERNATIONAL STANDARD BOOK NUMBER
International Standard Book Number 9780814477144
082 04 - DEWEY DECIMAL CLASSIFICATION NUMBER
Classification number 658.8
090 ## - LOCALLY ASSIGNED LC-TYPE CALL NUMBER (OCLC); LOCAL CALL NUMBER (RLIN)
-- 1863
-- 1863
100 1# - MAIN ENTRY--PERSONAL NAME
Personal name Weinrauch, J. Donald.
245 14 - TITLE STATEMENT
Title The frugal marketer :
Remainder of title smart tips for stretching your budget /
Statement of responsibility, etc. J. Donald Weinrauch.
250 ## - EDITION STATEMENT
Edition statement 1st THUS ed.
260 ## - PUBLICATION, DISTRIBUTION, ETC.
Place of publication, distribution, etc. [S.l.] :
Name of publisher, distributor, etc. AMACOM/American Management Association,
Date of publication, distribution, etc. 1989.
300 ## - PHYSICAL DESCRIPTION
Extent 363 p. ;
Dimensions 23 cm.
500 ## - GENERAL NOTE
General note Paperback.
700 1# - ADDED ENTRY--PERSONAL NAME
Personal name Baker, Nancy C.
856 40 - ELECTRONIC LOCATION AND ACCESS
Materials specified Amazon.com
Uniform Resource Identifier <a href="http://www.amazon.com/exec/obidos/ASIN/0814477143/chopaconline-20">http://www.amazon.com/exec/obidos/ASIN/0814477143/chopaconline-20</a>
856 40 - ELECTRONIC LOCATION AND ACCESS
Materials specified Amazon customer reviews
Uniform Resource Identifier <a href="http://www.chopac.org/cgi-bin/tools/azrev.pl?q=0814477143">http://www.chopac.org/cgi-bin/tools/azrev.pl?q=0814477143</a>
942 ## - ADDED ENTRY ELEMENTS (KOHA)
Institution code [OBSOLETE] NBS
Koha item type Book
Call number prefix 658.8 WEI
Holdings
Withdrawn status Lost status Damaged status Not for loan Permanent Location Current Location Date acquired Total Checkouts Full call number Barcode Date last seen Price effective from Koha item type
        Central Library (CL) Central Library (CL) 08/28/2013   658.8 WEI NBS1371 08/28/2013 08/28/2013 Book
© 2023 Central Library, National University of Sciences and Technology. All Rights Reserved.